000 00522cas a22001815a 4500
001 L138055
008 070514c20012003xxkux p 0 a0eng u
035 _a(Sirsi) u138055
041 0 _aeng
110 2 _aRoyal Institution of Chartered Surveyors
_bRICS Foundation
245 0 0 _aFiBRE
_bFindings in Built and Rural Environments
260 _aLondon
_bRICS
_c2001-2003
362 0 _aNovember 2001-October 2003
554 _aIrregular
651 4 _aEngland and Wales
_y1543-
690 _aBUILT ENVIRONMENT
942 _n0
999 _c118933
_d118933